[Event "Stay Safe Play From Home 326"]
[Site "Mustafa Kemal Atatürk"]
[Date "2020.07.23"]
[Round "3"]
[White "SelamiSahin"]
[Black "Mepe_Nika"]
[Result "0-1"]
[WhiteElo "2008"]
[BlackElo "2359"]
[PlyCount "76"]
[EventDate "2020.07.23"]
[EventType "swiss (blitz)"]

1. d4 {[%emt 0:00:02]} d5 {[%emt 0:00:01]} 2. c4 {[%emt 0:00:00]} c6 {[%emt 0:00:00]} 3. Nc3 {[%emt 0:00:00]} Nf6 {[%emt 0:00:01]} 4. Nf3 {[%emt 0:00:01]} e6 {[%emt 0:00:01]} 5. Bg5 {[%emt 0:00:01]} Nbd7 {[%emt 0:00:01]} 6. e3 {[%emt 0:00:01]} Qa5 {[%emt 0:00:01]} 7. Bxf6 {[%emt 0:00:02]} Nxf6 {[%emt 0:00:01]} 8. Qc2 {[%emt 0:00:01]} Bb4 {[%emt 0:00:02]} 9. Bd3 {[%emt 0:00:02]} O-O {[%emt 0:00:03]} 10. O-O {[%emt 0:00:03]} b6 {[%emt 0:00:02]} 11. a3 {[%emt 0:00:01]} Bxc3 {[%emt 0:00:01]} 12. bxc3 {[%emt 0:00:01]} Ba6 {[%emt 0:00:01]} 13. cxd5 {[%emt 0:00:01]} cxd5 {[%emt 0:00:02]} 14. Ne5 {[%emt 0:00:03]} Rfc8 {[%emt 0:00:02]} 15. Rfc1 {[%emt 0:00:02]} Rc7 {[%emt 0:00:03]} 16. f3 {[%emt 0:00:04]} Rac8 {[%emt 0:00:01]} 17. Bxa6 {[%emt 0:00:03]} Qxa6 {[%emt 0:00:01]} 18. e4 {[%emt 0:00:01]} h6 {[%emt 0:00:03]} 19. a4 {[%emt 0:00:04]} Qa5 {[%emt 0:00:01]} 20. Ra3 {[%emt 0:00:01]} Nd7 {[%emt 0:00:05]} 21. Nxd7 {[%emt 0:00:01]} Rxd7 {[%emt 0:00:00]} 22. exd5 {[%emt 0:00:01]} Rxd5 {[%emt 0:00:00]} 23. Qe4 {[%emt 0:00:02]} b5 {[%emt 0:00:03]} 24. Rca1 {[%emt 0:00:06]} b4 {[%emt 0:00:01]} 25. cxb4 {[%emt 0:00:01]} Qxb4 {[%emt 0:00:00]} 26. h3 {[%emt 0:00:04]} Rxd4 {[%emt 0:00:02]} 27. Qe3 {[%emt 0:00:01]} Rc2 {[%emt 0:00:01]} 28. R3a2 {[%emt 0:00:02]} Rdd2 {[%emt 0:00:04]} 29. Rxc2 {[%emt 0:00:01]} Rxc2 {[%emt 0:00:00]} 30. Rd1 {[%emt 0:00:01]} Rc8 {[%emt 0:00:03]} 31. Rd7 {[%emt 0:00:01]} Qb6 {[%emt 0:00:01]} 32. Qxb6 {[%emt 0:00:02]} axb6 {[%emt 0:00:00]} 33. Rb7 {[%emt 0:00:00]} Ra8 {[%emt 0:00:00]} 34. Rxb6 {[%emt 0:00:00]} Rxa4 {[%emt 0:00:00]} 35. Rb2 {[%emt 0:00:00]} Kh7 {[%emt 0:00:01]} 36. Rf2 {[%emt 0:00:00]} Kg6 {[%emt 0:00:01]} 37. Kh2 {[%emt 0:00:00]} Ra2 {[%emt 0:00:01]} 38. g3 {[%emt 0:00:00]} Rxf2+ {[%emt 0:00:01] SelamiSahin terk eder (Lag: Av=0.54s, max=0.8s)} 0-1

[Event "Stay Safe Play From Home 326"]
[Site "Mustafa Kemal Atatürk"]
[Date "2020.07.23"]
[Round "3"]
[White "Justwatch"]
[Black "Lamborghini"]
[Result "0-1"]
[WhiteElo "1687"]
[BlackElo "2219"]
[PlyCount "114"]
[EventDate "2020.07.23"]
[EventType "swiss (blitz)"]

1. e4 {[%emt 0:00:02]} c5 {[%emt 0:00:01]} 2. Nf3 {[%emt 0:00:02]} d6 {[%emt 0:00:01]} 3. Nc3 {[%emt 0:00:00]} Nf6 {[%emt 0:00:01]} 4. Bb5+ {[%emt 0:00:00]} Bd7 {[%emt 0:00:01]} 5. Bxd7+ {[%emt 0:00:00]} Nbxd7 {[%emt 0:00:01]} 6. d3 {[%emt 0:00:00]} e6 {[%emt 0:00:01]} 7. Bg5 {[%emt 0:00:00]} Be7 {[%emt 0:00:01]} 8. O-O {[%emt 0:00:02]} O-O {[%emt 0:00:00]} 9. a3 {[%emt 0:00:00]} a6 {[%emt 0:00:00]} 10. Ne2 {[%emt 0:00:01]} Rc8 {[%emt 0:00:01]} 11. Ng3 {[%emt 0:00:01]} b5 {[%emt 0:00:01]} 12. Qd2 {[%emt 0:00:01]} Qc7 {[%emt 0:00:00]} 13. c3 {[%emt 0:00:02]} Rfe8 {[%emt 0:00:01]} 14. h3 {[%emt 0:00:02]} Qb7 {[%emt 0:00:01]} 15. Bxf6 {[%emt 0:00:01]} Nxf6 {[%emt 0:00:01]} 16. Ng5 {[%emt 0:00:01]} h6 {[%emt 0:00:01]} 17. Nf3 {[%emt 0:00:01]} Bf8 {[%emt 0:00:01]} 18. Qf4 {[%emt 0:00:01]} Rcd8 {[%emt 0:00:03]} 19. Qh4 {[%emt 0:00:01]} Qe7 {[%emt 0:00:02]} 20. Nh5 {[%emt 0:00:03]} Nxh5 {[%emt 0:00:02]} 21. Qxh5 {[%emt 0:00:00]} g6 {[%emt 0:00:00]} 22. Qg4 {[%emt 0:00:02]} h5 {[%emt 0:00:01]} 23. Qg3 {[%emt 0:00:01]} Bg7 {[%emt 0:00:01]} 24. Ng5 {[%emt 0:00:02]} Bf6 {[%emt 0:00:03]} 25. Nf3 {[%emt 0:00:01]} Rd7 {[%emt 0:00:03]} 26. e5 {[%emt 0:00:01]} dxe5 {[%emt 0:00:01]} 27. Nxe5 {[%emt 0:00:00]} Bxe5 {[%emt 0:00:02]} 28. Qxe5 {[%emt 0:00:00]} Rd5 {[%emt 0:00:00]} 29. Qe3 {[%emt 0:00:01]} Red8 {[%emt 0:00:01]} 30. Rad1 {[%emt 0:00:01]} Qd6 {[%emt 0:00:01]} 31. d4 {[%emt 0:00:04]} cxd4 {[%emt 0:00:01]} 32. cxd4 {[%emt 0:00:00]} Rxd4 {[%emt 0:00:00]} 33. Rxd4 {[%emt 0:00:00]} Qxd4 {[%emt 0:00:00]} 34. Qh6 {[%emt 0:00:01]} Qxb2 {[%emt 0:00:02]} 35. Qg5 {[%emt 0:00:01]} Qd4 {[%emt 0:00:02]} 36. Rc1 {[%emt 0:00:02]} Qd5 {[%emt 0:00:02]} 37. Qf6 {[%emt 0:00:02]} Qd4 {[%emt 0:00:02]} 38. Qg5 {[%emt 0:00:02]} Qd2 {[%emt 0:00:01]} 39. Qc5 {[%emt 0:00:07]} Qd6 {[%emt 0:00:02]} 40. Qg5 {[%emt 0:00:02]} Kg7 {[%emt 0:00:02]} 41. Rf1 {[%emt 0:00:02]} Qd5 {[%emt 0:00:02]} 42. Qc1 {[%emt 0:00:00]} Qd4 {[%emt 0:00:01]} 43. Qa1 {[%emt 0:00:00]} Qxa1 {[%emt 0:00:01]} 44. Rxa1 {[%emt 0:00:00]} Rd4 {[%emt 0:00:00]} 45. Rc1 {[%emt 0:00:00]} Ra4 {[%emt 0:00:00]} 46. Rc6 {[%emt 0:00:01]} Rxa3 {[%emt 0:00:01]} 47. Rc2 {[%emt 0:00:00]} b4 {[%emt 0:00:00]} 48. g3 {[%emt 0:00:00]} a5 {[%emt 0:00:00]} 49. Rb2 {[%emt 0:00:01]} b3 {[%emt 0:00:00]} 50. Re2 {[%emt 0:00:00]} a4 {[%emt 0:00:00]} 51. Re3 {[%emt 0:00:00]} Ra2 {[%emt 0:00:00]} 52. g4 {[%emt 0:00:00]} b2 {[%emt 0:00:00]} 53. gxh5 {[%emt 0:00:00]} b1=Q+ {[%emt 0:00:00]} 54. Kg2 {[%emt 0:00:02]} Qf5 {[%emt 0:00:00]} 55. h6+ {[%emt 0:00:00]} Kxh6 {[%emt 0:00:00]} 56. Rg3 {[%emt 0:00:01]} Qg5 {[%emt 0:00:00]} 57. h4 {[%emt 0:00:00]} Qxg3+ {[%emt 0:00:00]} 0-1

[Event "Stay Safe Play From Home 326"]
[Site "Mustafa Kemal Atatürk"]
[Date "2020.07.23"]
[Round "3"]
[White "Edmatuag"]
[Black "Mandy"]
[Result "1-0"]
[WhiteElo "1667"]
[BlackElo "871"]
[Annotator "NA"]
[PlyCount "31"]
[EventDate "2020.07.23"]
[EventType "swiss (blitz)"]

1. e4 {[%emt 0:00:01]} c6 {[%emt 0:00:01]} 2. d4 {[%emt 0:00:02]} d5 {[%emt 0:00:01]} 3. e5 {[%emt 0:00:01]} Bf5 {[%emt 0:00:03]} 4. Be2 {[%emt 0:00:00]} f6 {[%emt 0:00:04]} 5. Nf3 {[%emt 0:00:00]} e6 {[%emt 0:00:04]} 6. Bd3 {[%emt 0:00:02]} Ne7 {[%emt 0:00:02]} 7. Bxf5 {[%emt 0:00:03]} Nxf5 {[%emt 0:00:03]} 8. Nc3 {[%emt 0:00:02]} g6 {[%emt 0:00:02]} 9. exf6 {[%emt 0:00:03]} Qxf6 {[%emt 0:00:05]} 10. Bf4 {[%emt 0:00:04]} Nd7 {[%emt 0:00:03]} 11. Be5 {[%emt 0:00:02]} Nxe5 {[%emt 0:00:05]} 12. Nxe5 {[%emt 0:00:00]} Bb4 {[%emt 0:00:15]} 13. O-O {[%emt 0:00:05]} O-O {[%emt 0:00:01]} 14. Ne2 {[%emt 0:00:03]} Qg5 {[%emt 0:00:07]} 15. f4 {[%emt 0:00:09]} Qf6 {[%emt 0:00:02]} 16. Qd3 {[%emt 0:00:04] Zeit (Lag: Av=0.63s, max=1.0s)} 1-0

[Event "Stay Safe Play From Home 326"]
[Site "Mustafa Kemal Atatürk"]
[Date "2020.07.23"]
[Round "3"]
[White "Meini"]
[Black "Klasman"]
[Result "1-0"]
[WhiteElo "1583"]
[BlackElo "1369"]
[Annotator "NA"]
[PlyCount "49"]
[EventDate "2020.07.23"]
[EventType "swiss (blitz)"]

1. d4 {[%emt 0:00:01]} f5 {[%emt 0:00:01]} 2. Bf4 {[%emt 0:00:01]} c5 {[%emt 0:00:04]} 3. e3 {[%emt 0:00:00]} Qb6 {[%emt 0:00:02]} 4. b3 {[%emt 0:00:02]} cxd4 {[%emt 0:00:03]} 5. Qxd4 {[%emt 0:00:01]} e6 {[%emt 0:00:03]} 6. Qxb6 {[%emt 0:00:02]} axb6 {[%emt 0:00:01]} 7. Nf3 {[%emt 0:00:00]} Nc6 {[%emt 0:00:02]} 8. Bd3 {[%emt 0:00:01]} Nf6 {[%emt 0:00:02]} 9. O-O {[%emt 0:00:01]} d5 {[%emt 0:00:01]} 10. Nbd2 {[%emt 0:00:00]} Bb4 {[%emt 0:00:03]} 11. c4 {[%emt 0:00:02]} O-O {[%emt 0:00:05]} 12. cxd5 {[%emt 0:00:02]} exd5 {[%emt 0:00:01]} 13. Rac1 {[%emt 0:00:06]} Rxa2 {[%emt 0:00:02]} 14. Nb1 {[%emt 0:00:07]} Be6 {[%emt 0:00:04]} 15. Ne5 {[%emt 0:00:01]} Nxe5 {[%emt 0:00:02]} 16. Bxe5 {[%emt 0:00:01]} Ne4 {[%emt 0:00:04]} 17. f3 {[%emt 0:00:02]} Nd2 {[%emt 0:00:05]} 18. Nxd2 {[%emt 0:00:05]} Rxd2 {[%emt 0:00:02]} 19. Bb1 {[%emt 0:00:00]} Bc5 {[%emt 0:00:02]} 20. Kh1 {[%emt 0:00:02]} Bxe3 {[%emt 0:00:01]} 21. Rc7 {[%emt 0:00:01]} d4 {[%emt 0:00:02]} 22. Rxg7+ {[%emt 0:00:02]} Kh8 {[%emt 0:00:02]} 23. Re7+ {[%emt 0:00:01]} Kg8 {[%emt 0:00:02]} 24. Rxe6 {[%emt 0:00:00]} b5 {[%emt 0:00:02]} 25. Re7 {[%emt 0:00:01] Time (Lag: Av=0.48s, max=1.0s)} 1-0

[Event "Stay Safe Play From Home 326"]
[Site "Mustafa Kemal Atatürk"]
[Date "2020.07.23"]
[Round "4"]
[White "Broken sword"]
[Black "Lazieri3"]
[Result "0-1"]
[WhiteElo "2509"]
[BlackElo "2094"]
[Annotator "TA"]
[PlyCount "164"]
[EventDate "2020.07.23"]
[EventType "swiss (blitz)"]

{[%evp 17,163,-1,0,0,0,0,0,0,0,-19,5,-9,34,-12,-15,-92,-94,-106,-72,-215,-214,-200,-203,-319,-311,-379,-370,-346,-244,-332,-224,-217,-239,-300,-300,-308,-177,-170,-145,-152,-110,-212,-163,-185,-123,-192,-68,-87,-56,-98,-110,-164,-154,-416,-349,-368,-306,-481,-306,-433,-295,-281,-281,-446,-219,-496,-502,-476,-475,-343,-336,-476,-476,-529,-509,-551,0,-429,0,-4837,-4590,-2319,-2159,-29979,-29980,-29981,-29978,-29978,-29975,-29974,-29975,-29970,-29971,-29982,-29983,-29983,-29984,-29989,-29986,-29986,-29987,-29987,-29988,-29988,-29988,-29988,-29989,-29989,-29988,-29994,-29995,-29996,-29996,-29998,-29996,-29996,-29995,-29995,-29996,-29997,-29994,-29994,-29993,-29993,-29993,-29993,-29994,-29994,-29995,-29995,-29996,-29996,-29997,-29997,-29998,-29998,-29998,-29998,-29998,-29998,-29998,-29998,-29998,-29999,-29998,-29998,-29999,-29999]} 1. d4 c6 2. c4 d5 3. cxd5 cxd5 4. Nc3 Nc6 5. Nf3 Nf6 6. Bf4 Bf5 7. e3 e6 8. Bd3 Bxd3 9. Qxd3 Bd6 10. Bg5 {D14: Slav Defence: Exchange variation with ...Bf5.} h6 11. Bh4 O-O 12. O-O {The position is equal.} Rc8 13. Rfc1 a6 (13... g5 $5 14. Bg3 $8 Kg7 $11) 14. Na4 {[#]} Nb4 $146 ({Predecessor:} 14... Qa5 15. Qb3 Ne4 16. Nb6 Rc7 17. Bg3 Nxg3 18. hxg3 Bb4 19. Na4 Rfc8 20. a3 Bd6 {1-0 (42) Pejovic,J (2169)-Cerovic,Z (2131) Cetinje 2013}) 15. Qd2 Rxc1+ 16. Rxc1 (16. Qxc1 $11 {keeps the balance.} Qa5 17. Nc3) 16... Nxa2 $17 17. Ra1 {Hoping for Bxf6.} Nb4 $36 {[%mdl 2048] Keeping White busy.} 18. Ne5 (18. Nc5 $17 Bxc5 19. dxc5) 18... Ne4 $1 $19 19. Bxd8 Nxd2 20. Bh4 (20. Rd1 $142) 20... Bxe5 21. dxe5 {and the idea Be7 leaves White hopeful.} g5 22. Bg3 Ne4 23. Rc1 Nxg3 24. hxg3 {[%mdl 4096] Endgame KRN-KRN} Nd3 25. Rc7 b5 ({Resist} 25... Nxe5 26. Kf1 $19) 26. Nc5 Nxc5 ({Much less strong is} 26... Nxe5 27. Kf1 $19) (26... Nxb2 $142 27. Nxa6 Nc4) 27. Rxc5 {KR-KR} Rb8 28. Kf1 b4 29. Ra5 (29. g4 $17) 29... Rb6 30. Ke2 Kf8 (30... Rc6 $19 31. g4 Kh7) 31. Kd3 (31. e4 $17) 31... Ke7 (31... Rc6 $19 {aiming for ...b3.} 32. b3 Rc3+ 33. Kd2 Rxb3) 32. f4 Kd7 33. Ra1 Rc6 34. Rh1 {[#]} (34. g4 $17) 34... b3 $1 35. Ra1 $2 (35. Rxh6 $17 {only move.} Rc2 36. Rh7) 35... Rc2 {[%mdl 64] Double Attack} 36. Rxa6 Rxb2 37. Rb6 (37. fxg5 {was necessary.} hxg5 38. Rb6) 37... Rxg2 38. Rxb3 (38. fxg5 $142 hxg5 39. Rxb3) 38... Rxg3 {...gxf4 is the strong threat.} 39. Rb7+ {[#]} Ke8 $1 {Strongly threatening ...gxf4.} 40. Ke2 (40. fxg5 $142 hxg5 41. Rb8+ Ke7 42. Ke2) 40... gxf4 (40... g4 $142 41. Rb8+ Ke7) 41. exf4 $2 (41. Rb8+ Kd7 42. exf4) 41... Kf8 42. Kf2 Rg4 43. Kf3 h5 44. Rb8+ (44. Rd7 $142) 44... Kg7 45. Rb1 Kg6 46. Rb7 Kg7 $2 (46... Rh4 $19 {Threatens to win with ...Rh3+.} 47. Kg3 Rh1) 47. Rc7 $2 {[%mdl 8192]} (47. Rb1 $1 $11 {and White has nothing to worry.} Kg6 48. Rh1) 47... Kg6 $2 ({Better is} 47... Rg6 $19 {White must now prevent ...h4.} 48. f5 exf5) 48. Rc8 $2 {[%mdl 8192]} (48. Rb7 $11 Rg1 49. Rb8) 48... Kf5 49. Rf8 Rxf4+ 50. Kg3 Kxe5 {Black mates.} 51. Rh8 f5 52. Rxh5 Rg4+ 53. Kf3 d4 54. Rh8 Rf4+ 55. Kg3 d3 56. Ra8 Rd4 57. Ra5+ Rd5 58. Ra1 d2 59. Rd1 Ke4 60. Kf2 Kd3 61. Ra1 e5 62. Ra3+ Ke4 63. Ra2 d1=Q 64. Ra4+ Rd4 65. Ra3 Qd2+ 66. Kg3 Rd3+ 67. Rxd3 Qxd3+ 68. Kh4 Qf3 {[%csl Gf5][%cal Rf3g4]} 69. Kg5 Ke3 70. Kf6 Kd2 71. Ke6 e4 72. Kd6 e3 73. Ke5 e2 74. Kd4 e1=Q 75. Kc4 Qee3 76. Kb4 Qfe4+ 77. Kb5 Q4d4 78. Kc6 Qee5 79. Kb7 Qdd6 80. Kc8 Qef6 81. Kb7 Qfe7+ 82. Kc8 Qdd8# {Accuracy: White = 39%, Black = 56%.} 0-1

[Event "Stay Safe Play From Home 326"]
[Site "Mustafa Kemal Atatürk"]
[Date "2020.07.23"]
[Round "4"]
[White "Mepe_Nika"]
[Black "NeatFox"]
[Result "1-0"]
[WhiteElo "2363"]
[BlackElo "1809"]
[PlyCount "73"]
[EventDate "2020.07.23"]
[EventType "swiss (blitz)"]

1. g3 {[%emt 0:00:02]} c6 {[%emt 0:00:00]} 2. Bg2 {[%emt 0:00:00]} d5 {[%emt 0:00:00]} 3. d3 {[%emt 0:00:01]} g6 {[%emt 0:00:00]} 4. Nf3 {[%emt 0:00:02]} Bg7 {[%emt 0:00:00]} 5. O-O {[%emt 0:00:00]} Nf6 {[%emt 0:00:00]} 6. Nc3 {[%emt 0:00:00]} O-O {[%emt 0:00:00]} 7. e4 {[%emt 0:00:00]} Bd7 {[%emt 0:00:00]} 8. a3 {[%emt 0:00:02]} dxe4 {[%emt 0:00:01]} 9. dxe4 {[%emt 0:00:01]} Qc8 {[%emt 0:00:01]} 10. Re1 {[%emt 0:00:01]} Bh3 {[%emt 0:00:01]} 11. Qe2 {[%emt 0:00:01]} Bxg2 {[%emt 0:00:01]} 12. Kxg2 {[%emt 0:00:00]} Nbd7 {[%emt 0:00:02]} 13. Be3 {[%emt 0:00:02]} e5 {[%emt 0:00:00]} 14. h3 {[%emt 0:00:01]} b6 {[%emt 0:00:02]} 15. Rad1 {[%emt 0:00:00]} c5 {[%emt 0:00:00]} 16. Rd6 {[%emt 0:00:01]} Qc7 {[%emt 0:00:01]} 17. Red1 {[%emt 0:00:01]} Rad8 {[%emt 0:00:01]} 18. Nb5 {[%emt 0:00:01]} Qb7 {[%emt 0:00:01]} 19. Qd2 {[%emt 0:00:02]} a6 {[%emt 0:00:01]} 20. Nc3 {[%emt 0:00:02]} b5 {[%emt 0:00:01]} 21. Bxc5 {[%emt 0:00:03]} Nxe4 {[%emt 0:00:05]} 22. Nxe4 {[%emt 0:00:01]} Qxe4 {[%emt 0:00:00]} 23. Rxd7 {[%emt 0:00:01]} Rc8 {[%emt 0:00:03]} 24. Bxf8 {[%emt 0:00:01]} Rxf8 {[%emt 0:00:02]} 25. Qd3 {[%emt 0:00:03]} Qc6 {[%emt 0:00:01]} 26. Qe3 {[%emt 0:00:03]} f5 {[%emt 0:00:02]} 27. Rd8 {[%emt 0:00:03]} e4 {[%emt 0:00:01]} 28. Qb3+ {[%emt 0:00:01]} Qc4 {[%emt 0:00:03]} 29. Qxc4+ {[%emt 0:00:02]} bxc4 {[%emt 0:00:00]} 30. Ng5 {[%emt 0:00:01]} Rxd8 {[%emt 0:00:02]} 31. Rxd8+ {[%emt 0:00:01]} Bf8 {[%emt 0:00:02]} 32. Ne6 {[%emt 0:00:00]} Kf7 {[%emt 0:00:02]} 33. Nxf8 {[%emt 0:00:00]} Ke7 {[%emt 0:00:00]} 34. Rc8 {[%emt 0:00:01]} c3 {[%emt 0:00:01]} 35. bxc3 {[%emt 0:00:01]} a5 {[%emt 0:00:00]} 36. Nxh7 {[%emt 0:00:00]} Kf7 {[%emt 0:00:01]} 37. Ng5+ {[%emt 0:00:01] NeatFox gibt auf (Lag: Av=0.48s, max=0.7s)} 1-0

[Event "Stay Safe Play From Home 326"]
[Site "Mustafa Kemal Atatürk"]
[Date "2020.07.23"]
[Round "4"]
[White "Lamborghini"]
[Black "Stefanone"]
[Result "0-1"]
[WhiteElo "2221"]
[BlackElo "2063"]
[PlyCount "90"]
[EventDate "2020.07.23"]
[EventType "swiss (blitz)"]

1. e4 {[%emt 0:00:02]} d6 {[%emt 0:00:00]} 2. d4 {[%emt 0:00:02]} Nf6 {[%emt 0:00:01]} 3. Nc3 {[%emt 0:00:01]} Nbd7 {[%emt 0:00:00]} 4. g4 {[%emt 0:00:01]} h6 {[%emt 0:00:02]} 5. Bg2 {[%emt 0:00:02]} e5 {[%emt 0:00:01]} 6. h3 {[%emt 0:00:01]} Nb6 {[%emt 0:00:01]} 7. Nge2 {[%emt 0:00:02]} Be7 {[%emt 0:00:01]} 8. b3 {[%emt 0:00:03]} exd4 {[%emt 0:00:00]} 9. Nxd4 {[%emt 0:00:02]} Be6 {[%emt 0:00:01]} 10. Bb2 {[%emt 0:00:01]} Qd7 {[%emt 0:00:01]} 11. Qd2 {[%emt 0:00:01]} O-O-O {[%emt 0:00:02]} 12. O-O-O {[%emt 0:00:01]} Kb8 {[%emt 0:00:01]} 13. f4 {[%emt 0:00:01]} c5 {[%emt 0:00:01]} 14. Nde2 {[%emt 0:00:07]} Qc7 {[%emt 0:00:05]} 15. Nb5 {[%emt 0:00:04]} Qc8 {[%emt 0:00:04]} 16. f5 {[%emt 0:00:01]} Bd7 {[%emt 0:00:01]} 17. Nxd6 {[%emt 0:00:02]} Bxd6 {[%emt 0:00:00]} 18. Qxd6+ {[%emt 0:00:01]} Ka8 {[%emt 0:00:01]} 19. Qf4 {[%emt 0:00:02]} Bc6 {[%emt 0:00:01]} 20. Ng3 {[%emt 0:00:02]} Nfd7 {[%emt 0:00:03]} 21. e5 {[%emt 0:00:01]} Bxg2 {[%emt 0:00:02]} 22. Rh2 {[%emt 0:00:01]} Bc6 {[%emt 0:00:01]} 23. Rhd2 {[%emt 0:00:01]} Rhe8 {[%emt 0:00:01]} 24. c4 {[%emt 0:00:01]} Qc7 {[%emt 0:00:01]} 25. Rd6 {[%emt 0:00:02]} f6 {[%emt 0:00:01]} 26. e6 {[%emt 0:00:02]} Ne5 {[%emt 0:00:01]} 27. Bxe5 {[%emt 0:00:03]} fxe5 {[%emt 0:00:01]} 28. Qxe5 {[%emt 0:00:00]} Rxd6 {[%emt 0:00:01]} 29. Qxd6 {[%emt 0:00:00]} Qxd6 {[%emt 0:00:01]} 30. Rxd6 {[%emt 0:00:02]} Kb8 {[%emt 0:00:01]} 31. Rd2 {[%emt 0:00:03]} Kc7 {[%emt 0:00:01]} 32. Kc2 {[%emt 0:00:00]} Nc8 {[%emt 0:00:01]} 33. Nh5 {[%emt 0:00:01]} Rg8 {[%emt 0:00:03]} 34. Nf4 {[%emt 0:00:01]} Nd6 {[%emt 0:00:01]} 35. Kc3 {[%emt 0:00:01]} Ne4+ {[%emt 0:00:01]} 36. Kd3 {[%emt 0:00:00]} Nxd2 {[%emt 0:00:01]} 37. Kxd2 {[%emt 0:00:00]} Be4 {[%emt 0:00:01]} 38. Ke3 {[%emt 0:00:00]} Bb1 {[%emt 0:00:02]} 39. Nd5+ {[%emt 0:00:01]} Kd6 {[%emt 0:00:01]} 40. h4 {[%emt 0:00:00]} Bxa2 {[%emt 0:00:01]} 41. Kf4 {[%emt 0:00:00]} Bxb3 {[%emt 0:00:00]} 42. g5 {[%emt 0:00:00]} Bxc4 {[%emt 0:00:00]} 43. Ne3 {[%emt 0:00:01]} b5 {[%emt 0:00:03]} 44. f6 {[%emt 0:00:01]} gxf6 {[%emt 0:00:01]} 45. gxh6 {[%emt 0:00:00]} Bxe6 {[%emt 0:00:01] Zeit (Lag: Av=0.30s, max=0.5s)} 0-1

[Event "Stay Safe Play From Home 326"]
[Site "Mustafa Kemal Atatürk"]
[Date "2020.07.23"]
[Round "4"]
[White "Haxhi Baha"]
[Black "AChessPlayer"]
[Result "0-1"]
[WhiteElo "2090"]
[BlackElo "2328"]
[PlyCount "90"]
[EventDate "2020.07.23"]
[EventType "swiss (blitz)"]

1. e4 {[%emt 0:00:01]} d6 {[%emt 0:00:02]} 2. d4 {[%emt 0:00:01]} Nf6 {[%emt 0:00:00]} 3. Nf3 {[%emt 0:00:01]} Nbd7 {[%emt 0:00:00]} 4. Bd3 {[%emt 0:00:02]} e5 {[%emt 0:00:00]} 5. O-O {[%emt 0:00:01]} Be7 {[%emt 0:00:00]} 6. h3 {[%emt 0:00:01]} c6 {[%emt 0:00:00]} 7. c3 {[%emt 0:00:00]} Qc7 {[%emt 0:00:00]} 8. Bg5 {[%emt 0:00:01]} h6 {[%emt 0:00:01]} 9. Bh4 {[%emt 0:00:01]} Nf8 {[%emt 0:00:01]} 10. Nbd2 {[%emt 0:00:02]} g5 {[%emt 0:00:01]} 11. Bg3 {[%emt 0:00:01]} Ng6 {[%emt 0:00:00]} 12. dxe5 {[%emt 0:00:01]} dxe5 {[%emt 0:00:01]} 13. Nc4 {[%emt 0:00:01]} Nf4 {[%emt 0:00:01]} 14. Ncxe5 {[%emt 0:00:03]} N6h5 {[%emt 0:00:03]} 15. Qc2 {[%emt 0:00:06]} Be6 {[%emt 0:00:02]} 16. Ng4 {[%emt 0:00:02]} Nxg3 {[%emt 0:00:02]} 17. fxg3 {[%emt 0:00:02]} Nxd3 {[%emt 0:00:00]} 18. Qxd3 {[%emt 0:00:01]} Qxg3 {[%emt 0:00:00]} 19. Nfe5 {[%emt 0:00:02]} Qxd3 {[%emt 0:00:04]} 20. Nxd3 {[%emt 0:00:00]} O-O-O {[%emt 0:00:02]} 21. Nb4 {[%emt 0:00:04]} a5 {[%emt 0:00:02]} 22. Nc2 {[%emt 0:00:01]} Rd2 {[%emt 0:00:01]} 23. Nd4 {[%emt 0:00:04]} Bc5 {[%emt 0:00:03]} 24. Rf2 {[%emt 0:00:03]} Rxf2 {[%emt 0:00:02]} 25. Kxf2 {[%emt 0:00:00]} h5 {[%emt 0:00:01]} 26. Ne5 {[%emt 0:00:02]} Rd8 {[%emt 0:00:00]} 27. Rd1 {[%emt 0:00:02]} Bxa2 {[%emt 0:00:01]} 28. Ke2 {[%emt 0:00:03]} f6 {[%emt 0:00:02]} 29. Nd3 {[%emt 0:00:04]} Bc4 {[%emt 0:00:00]} 30. Ke3 {[%emt 0:00:01]} Bxd3 {[%emt 0:00:01]} 31. Rxd3 {[%emt 0:00:01]} b5 {[%emt 0:00:01]} 32. e5 {[%emt 0:00:02]} fxe5 {[%emt 0:00:01]} 33. Ke4 {[%emt 0:00:00]} exd4 {[%emt 0:00:00]} 34. cxd4 {[%emt 0:00:00]} Re8+ {[%emt 0:00:00]} 35. Kf5 {[%emt 0:00:01]} Bb4 {[%emt 0:00:00]} 36. Kxg5 {[%emt 0:00:01]} Kb7 {[%emt 0:00:00]} 37. Kxh5 {[%emt 0:00:00]} Rd8 {[%emt 0:00:00]} 38. g4 {[%emt 0:00:00]} Rd5+ {[%emt 0:00:00]} 39. g5 {[%emt 0:00:01]} Be7 {[%emt 0:00:00]} 40. h4 {[%emt 0:00:00]} a4 {[%emt 0:00:00]} 41. Kg6 {[%emt 0:00:00]} b4 {[%emt 0:00:02]} 42. h5 {[%emt 0:00:00]} a3 {[%emt 0:00:00]} 43. bxa3 {[%emt 0:00:00]} bxa3 {[%emt 0:00:00]} 44. Rb3+ {[%emt 0:00:00]} Kc7 {[%emt 0:00:01]} 45. h6 {[%emt 0:00:00]} a2 {[%emt 0:00:00] Time (Lag: Av=0.71s, max=1.0s) .} 0-1

[Event "Stay Safe Play From Home 326"]
[Site "Mustafa Kemal Atatürk"]
[Date "2020.07.23"]
[Round "4"]
[White "Edmatuag"]
[Black "SoulofWolf"]
[Result "0-1"]
[WhiteElo "1667"]
[BlackElo "2055"]
[PlyCount "74"]
[EventDate "2020.07.23"]
[EventType "swiss (blitz)"]

1. e3 {[%emt 0:00:04]} d5 {[%emt 0:00:00]} 2. f4 {[%emt 0:00:01]} c5 {[%emt 0:00:01]} 3. Nf3 {[%emt 0:00:01]} Nc6 {[%emt 0:00:00]} 4. g3 {[%emt 0:00:01]} g6 {[%emt 0:00:00]} 5. Bg2 {[%emt 0:00:01]} Bg7 {[%emt 0:00:00]} 6. O-O {[%emt 0:00:01]} e5 {[%emt 0:00:01]} 7. Nc3 {[%emt 0:00:00]} d4 {[%emt 0:00:01]} 8. exd4 {[%emt 0:00:01]} exd4 {[%emt 0:00:00]} 9. Ne4 {[%emt 0:00:01]} Qb6 {[%emt 0:00:03]} 10. d3 {[%emt 0:00:02]} Nge7 {[%emt 0:00:01]} 11. b3 {[%emt 0:00:03]} O-O {[%emt 0:00:01]} 12. a4 {[%emt 0:00:01]} a5 {[%emt 0:00:02]} 13. Ba3 {[%emt 0:00:01]} Nb4 {[%emt 0:00:02]} 14. Qd2 {[%emt 0:00:02]} f5 {[%emt 0:00:02]} 15. Nf2 {[%emt 0:00:02]} Nbd5 {[%emt 0:00:02]} 16. Nd1 {[%emt 0:00:03]} Ne3 {[%emt 0:00:00]} 17. Nxe3 {[%emt 0:00:02]} dxe3 {[%emt 0:00:00]} 18. Qe2 {[%emt 0:00:00]} Nd5 {[%emt 0:00:05]} 19. Rad1 {[%emt 0:00:06]} Bd7 {[%emt 0:00:02]} 20. c4 {[%emt 0:00:02]} Nb4 {[%emt 0:00:01]} 21. Qxe3 {[%emt 0:00:02]} Rae8 {[%emt 0:00:02]} 22. Qd2 {[%emt 0:00:02]} Bc6 {[%emt 0:00:06]} 23. Bxb4 {[%emt 0:00:02]} cxb4+ {[%emt 0:00:01]} 24. Kh1 {[%emt 0:00:01]} Re3 {[%emt 0:00:01]} 25. d4 {[%emt 0:00:02]} Rfe8 {[%emt 0:00:03]} 26. Ne5 {[%emt 0:00:02]} Bxg2+ {[%emt 0:00:01]} 27. Kxg2 {[%emt 0:00:02]} Bxe5 {[%emt 0:00:04]} 28. Qxe3 {[%emt 0:00:04]} Qc6+ {[%emt 0:00:03]} 29. d5 {[%emt 0:00:01]} Qd7 {[%emt 0:00:03]} 30. Qxe5 {[%emt 0:00:02]} Rxe5 {[%emt 0:00:01]} 31. fxe5 {[%emt 0:00:00]} f4 {[%emt 0:00:01]} 32. e6 {[%emt 0:00:00]} f3+ {[%emt 0:00:02]} 33. Rxf3 {[%emt 0:00:01]} Qd6 {[%emt 0:00:00]} 34. Rdf1 {[%emt 0:00:01]} Kg7 {[%emt 0:00:01]} 35. Rf7+ {[%emt 0:00:01]} Kh6 {[%emt 0:00:00]} 36. R7f4 {[%emt 0:00:01]} Qe5 {[%emt 0:00:01]} 37. Rh4+ {[%emt 0:00:01]} Kg5 {[%emt 0:00:02] Time (Lag: Av=0.40s, max=0.6s)} 0-1